[Event "AUTO-OPEN-1082"]
[Site "http://www.queenalice.com/game.php?id=484662"]
[Date "2008.10.29"]
[Round "2"]
[White "MrRonMosley"]
[Black "PLDunton"]
[Result "0-1"]
[WhiteElo "1698"]
[BlackElo "1915"]

1. Nh3 d5 2. d4 Nc6 3. e3 Bxh3 4. gxh3 Nf6 5. c3 a6 6. Qc2 e5 7. dxe5 Nxe5 8.
Bg2 c6 9. b4 Bd6 10. e4 dxe4 11. Bxe4 Nxe4 12. Qxe4 O-O 13. Bf4 Re8 14. O-O Ng6
15. Qd4 Nxf4 16. Nd2 Ne2+ 17. Kh1 Nxd4 18. cxd4 Bxb4 19. Nf3 Qd5 20. Kg2 Re6 21.
Kg3 Bd6+ 22. Kg4 Rg6+ 0-1

[Event "Game 11 2008"]
[Site "http://www.queenalice.com/game.php?id=486396"]
[Date "2008.11.1"]
[Round "-"]
[White "MrRonMosley"]
[Black "BibleFreak"]
[Result "0-1"]
[WhiteElo "1630"]
[BlackElo "1770"]

1. Nf3 Nf6 2. e3 g6 3. c3 Nc6 4. Ng5 e5 5. e4 Bh6 6. Nxf7 Kxf7 7. Bc4+ Kg7 8. d3
d5 9. Bxh6+ Kxh6 10. exd5 Na5 11. O-O Nxc4 12. dxc4 Bf5 13. Na3 a6 14. h3 Kg7
15. f4 Qd6 16. Qd2 Ne4 17. Qe3 exf4 18. Rxf4 Rae8 19. Rxf5 Nf6 20. Qd4 Rhf8 21.
c5 Qd7 22. Raf1 gxf5 23. Nc4 Re4 24. Qd3 Qxd5 25. Qg3+ Kh6 26. h4 Rg8 27. Qxc7
Rxc4 28. b4 Qxg2# 0-1

[Event "Game 12 2008"]
[Site "http://www.queenalice.com/game.php?id=486398"]
[Date "2008.11.1"]
[Round "-"]
[White "BibleFreak"]
[Black "MrRonMosley"]
[Result "1-0"]
[WhiteElo "1758"]
[BlackElo "1670"]

1. d4 e6 2. a3 c6 3. Nf3 Nf6 4. c4 b6 5. Nc3 Bd6 6. e4 Ng4 7. e5 Be7 8. b4 g6 9.
h3 Nxf2 10. Kxf2 Bh4+ 11. Nxh4 Qxh4+ 12. g3 Qd8 13. Bh6 Bb7 14. c5 bxc5 15. dxc5
Qc7 16. Bg7 Rg8 17. Bf6 a5 18. Ne4 Kf8 19. Nd6 h5 20. Qd2 g5 21. Bxg5 Rxg5 22.
Qxg5 axb4 23. Qh6+ Ke7 24. Qf6+ Kf8 25. Qxf7# 1-0

[Event "AUTO-INT-894"]
[Site "http://www.queenalice.com/game.php?id=515728"]
[Date "2009.1.1"]
[Round "2"]
[White "dotromundo"]
[Black "MrRonMosley"]
[Result "1-0"]
[WhiteElo "1849"]
[BlackElo "1618"]

1. Nf3 e6 2. e4 g6 3. d4 b6 4. e5 Bb7 5. a3 Bh6 6. Nbd2 Ne7 7. Qe2 Nf5 8. Ne4
Bxc1 9. Nf6+ Kf8 10. Rxc1 Ba6 11. Qe4 c6 12. c4 Qc8 13. g4 Ne7 14. Ng5 b5 15.
cxb5 Bxb5 16. Bxb5 a6 17. Ba4 a5 18. h4 Ra6 19. h5 Qb7 20. hxg6 fxg6 21. Ngxh7+
Kg7 22. Qf4 Nd5 23. Qh6+ Kf7 24. Ng5+ 1-0

[Event "AUTO-INT-894"]
[Site "http://www.queenalice.com/game.php?id=515729"]
[Date "2009.1.1"]
[Round "2"]
[White "MrRonMosley"]
[Black "dotromundo"]
[Result "0-1"]
[WhiteElo "1624"]
[BlackElo "1868"]

1. e3 d5 2. Qf3 c6 3. d4 Nf6 4. Bd3 h6 5. b3 g6 6. Ne2 Bg4 7. Qg3 Bg7 8. h3 Bc8
9. Bxg6 fxg6 10. Qxg6+ Kf8 11. Nf4 Qd6 12. O-O e5 13. dxe5 Qxe5 14. Ba3+ Kg8 15.
Nd2 Bf5 16. Qg3 Nbd7 17. c4 h5 18. Nf3 Qe8 19. Qg5 Be4 20. Bb2 a5 21. Ne5 Rh7
22. Nxd7 Qxd7 23. Bxf6 Qf7 24. Bd4 Re8 25. f3 Bf5 26. Rac1 Kh8 27. Bxg7+ Rxg7
28. Qh4 Rh7 29. cxd5 cxd5 30. Rc5 Rxe3 31. Rxa5 Re5 32. Ra8+ Kg7 33. a4 d4 34.
Ra7 Re7 35. Qg5+ Kf8 36. Ra8+ Re8 37. Rxe8+ Kxe8 38. Re1+ Kd7 39. Rd1 Rg7 40.
Rxd4+ Kc6 41. Qh6+ Bg6 42. Nxg6 Rxg6 43. Qxh5 Rxg2+ 44. Kxg2 Qxh5 45. b4 Qh6 46.
Rc4+ Kd7 47. b5 Qd2+ 48. Kg3 Qe1+ 49. Kg4 Qe6+ 50. Kg3 Qxc4 51. f4 Qxa4 52. Kg4
Qxb5 53. f5 Qe2+ 54. Kg3 Ke7 55. h4 Kf6 56. Kf4 b5 0-1

[Event "Challenge"]
[Site "http://www.queenalice.com/game.php?id=522963"]
[Date "2009.1.15"]
[Round "-"]
[White "MrRonMosley"]
[Black "esteban"]
[Result "0-1"]
[WhiteElo "1635"]
[BlackElo "1765"]

1. d4 d5 2. Bf4 e6 3. Nc3 Bd6 4. Bxd6 Qxd6 5. a3 a6 6. e3 c5 7. Bd3 Nf6 8. Nh3
c4 9. Be2 b5 10. g3 Nbd7 11. Bf3 Bb7 12. Ng5 h6 13. Nxf7 Kxf7 14. Bh5+ Ke7 15.
Bg6 h5 16. h4 Rh6 17. Bxh5 Rxh5 18. Ne2 g5 19. c3 Rah8 20. Qc2 gxh4 21. O-O-O
hxg3 22. Rxh5 Rxh5 23. Nxg3 Rh6 24. f4 Ne4 25. Nxe4 dxe4 26. Qg2 Kf7 27. Rg1 Qf8
28. Qg5 Rf6 29. Qh5+ Ke7 30. Qh4 Qh6 31. Qg5 Qxg5 32. fxg5 Rg6 33. Kd2 Nf8 34.
Ke2 Nh7 35. Kf2 Rxg5 36. Rxg5 Nxg5 37. Kg3 Nf3 0-1

[Event "QA-ANNIV-03"]
[Site "http://www.queenalice.com/game.php?id=525027"]
[Date "2009.1.18"]
[Round "10"]
[White "MrRonMosley"]
[Black "chosadei"]
[Result "0-1"]
[WhiteElo "1620"]
[BlackElo "2025"]

1. e4 c6 2. Bc4 d5 3. exd5 cxd5 4. Bb5+ Bd7 5. Qe2 Bxb5 6. Qxb5+ Qd7 7. Qxd7+
Nxd7 8. Nf3 Ngf6 9. d3 e5 10. Nc3 Rc8 11. O-O d4 12. Nb5 a6 13. Na3 Bxa3 14.
bxa3 Rxc2 0-1

[Event "Challenge"]
[Site "http://www.queenalice.com/game.php?id=555291"]
[Date "2009.3.13"]
[Round "-"]
[White "ORNELAS"]
[Black "MrRonMosley"]
[Result "1-0"]
[WhiteElo "1552"]
[BlackElo "1655"]

1. d4 e6 2. e3 Nc6 3. a3 d5 4. b4 Nf6 5. Bd2 Ne4 6. g3 Nxd2 7. Nxd2 Bd7 8. Bg2
g6 9. c3 a6 10. Ngf3 b5 11. O-O Ra7 12. Nh4 Qa8 13. Ndf3 1-0

[Event "AUTO-INT-1260"]
[Site "http://www.queenalice.com/game.php?id=566422"]
[Date "2009.4.3"]
[Round "1"]
[White "fabke007"]
[Black "MrRonMosley"]
[Result "1-0"]
[WhiteElo "2080"]
[BlackElo "1644"]

1. e4 d5 2. exd5 Qxd5 3. Nf3 Nf6 4. Be2 Nc6 5. Nc3 Qc5 6. d4 Qd6 7. O-O g6 8.
Nb5 Qd5 9. Nxc7+ Kd8 10. Nxd5 Nxd5 11. Ne5 Be6 12. c4 Ndb4 13. Nxc6+ Nxc6 14. d5
1-0

[Event "AUTO-INT-1260"]
[Site "http://www.queenalice.com/game.php?id=566423"]
[Date "2009.4.3"]
[Round "1"]
[White "MrRonMosley"]
[Black "fabke007"]
[Result "0-1"]
[WhiteElo "1559"]
[BlackElo "2143"]

1. e4 c5 2. Bc4 Nc6 3. d3 Nf6 4. Bg5 g6 5. Nf3 d6 6. O-O Bg7 7. Qd2 h6 8. Bxf6
Bxf6 9. c3 Bg7 10. Re1 O-O 11. e5 d5 12. Bb5 Be6 13. h3 Qb6 14. Bxc6 Qxc6 15. d4
b6 16. Na3 Qa4 17. dxc5 bxc5 18. Nc2 Rfd8 19. b3 Qc6 20. Ne3 Rd7 21. Rad1 Rad8
22. Qb2 a5 23. a4 Kh7 24. Rd2 Rb8 25. Rc1 Rdb7 26. c4 d4 27. Nd5 Bxd5 28. cxd5
Qxd5 29. Rd3 Rxb3 30. Rxb3 Rxb3 31. Qa2 c4 32. Qa1 c3 33. Rc2 Rb4 34. Qa3 Bxe5
35. Nxe5 Qxe5 36. Qa2 e6 37. g3 d3 38. Rc1 d2 39. Rd1 Qe1+ 40. Rxe1 dxe1=Q+ 41.
Kg2 Rb2 42. Qc4 Qxf2+ 43. Kh1 Qh2# 0-1

[Event "AUTO-INT-1260"]
[Site "http://www.queenalice.com/game.php?id=566440"]
[Date "2009.4.3"]
[Round "1"]
[White "MrRonMosley"]
[Black "ThiagoTanaka"]
[Result "0-1"]
[WhiteElo "1609"]
[BlackElo "1423"]

1. c4 c6 2. e4 d5 3. d3 dxe4 4. dxe4 Qxd1+ 5. Kxd1 e5 6. Bd3 Nf6 7. Nf3 Bd6 8.
a3 O-O 9. b4 c5 10. bxc5 Bxc5 11. Rf1 Rd8 12. Nxe5 Bd4 13. Ra2 Bxe5 14. Rd2 Nc6
15. h3 Bf4 16. Kc2 Bxd2 17. Bxd2 Ne5 18. Rd1 Rxd3 19. Bf4 Rxd1 20. Kxd1 Nxc4 21.
e5 Nd5 22. g3 Bf5 23. Kc1 Bxb1 24. Kxb1 Nxf4 25. gxf4 Nxa3+ 26. Kb2 Nb5 27. h4
Rc8 28. Kb3 Kf8 29. f5 Ke7 30. Kb4 Nd4 31. f4 Nxf5 0-1

[Event "AUTO-INT-1260"]
[Site "http://www.queenalice.com/game.php?id=566441"]
[Date "2009.4.3"]
[Round "1"]
[White "ThiagoTanaka"]
[Black "MrRonMosley"]
[Result "1-0"]
[WhiteElo "1377"]
[BlackElo "1642"]

1. d4 c5 2. dxc5 Qa5+ 3. Nc3 Qxc5 4. Nf3 g6 5. e3 Bg7 6. Qd3 e6 7. Bd2 Nc6 8.
Be2 b6 9. O-O Nb4 10. Qe4 d5 11. Qf4 Nxc2 12. Rac1 Nb4 13. Na4 Qe7 14. Bxb4 Qb7
15. Bb5+ Bd7 16. Rc7 Qb8 17. Rxd7 Qxf4 18. Rxd5# 1-0

[Event "Challenge"]
[Site "http://www.queenalice.com/game.php?id=569003"]
[Date "2009.4.8"]
[Round "-"]
[White "Ebbe"]
[Black "MrRonMosley"]
[Result "1-0"]
[WhiteElo "1875"]
[BlackElo "1615"]

1. e4 h6 2. d4 d6 3. d5 g5 4. Nc3 Bg7 5. Bd2 f5 6. g3 Bxc3 7. Bxc3 Rh7 8. Qh5+
Kd7 9. Qg6 Nf6 10. Bxf6 Rh8 11. Bxh8 Qxh8 12. O-O-O fxe4 13. Bh3+ Kd8 14. Bxc8
Kxc8 15. Qxe4 Qf6 16. Qe6+ Kd8 17. Qxf6 exf6 18. Nf3 Na6 19. Rhe1 Nc5 20. h4
gxh4 21. Nxh4 Kd7 22. Nf5 h5 23. Re7+ Kd8 24. Rde1 Rc8 25. Re8+ Kd7 26. R1e7#
1-0

[Event "AUTO-INT-1296"]
[Site "http://www.queenalice.com/game.php?id=583904"]
[Date "2009.5.6"]
[Round "1"]
[White "ronmos14"]
[Black "MrRonMosley"]
[Result "1-0"]
[WhiteElo "1640"]
[BlackElo "1586"]

1. e4 d5 2. exd5 Qxd5 3. d3 e6 4. Bf4 e5 5. Bg5 Bf5 6. Nc3 Qd4 7. Nb5 Qb4+ 8. c3
Qxb2 9. Nxc7+ Kd7 10. Nxa8 f6 11. Bc1 Qxc3+ 12. Bd2 Qd4 13. Nf3 Qc5 14. Rc1 1-0

[Event "AUTO-INT-1296"]
[Site "http://www.queenalice.com/game.php?id=583905"]
[Date "2009.5.6"]
[Round "1"]
[White "MrRonMosley"]
[Black "ronmos14"]
[Result "0-1"]
[WhiteElo "1572"]
[BlackElo "1654"]

1. e4 d5 2. e5 Bf5 3. d4 Nc6 4. Bb5 a6 5. Bxc6+ bxc6 6. Ne2 e6 7. Ng3 c5 8. dxc5
c6 9. O-O Bxc5 10. Nxf5 exf5 11. e6 fxe6 12. Re1 Qf6 13. g3 Ne7 0-1

[Event "AUTO-INT-1296"]
[Site "http://www.queenalice.com/game.php?id=583920"]
[Date "2009.5.6"]
[Round "1"]
[White "eldalai"]
[Black "MrRonMosley"]
[Result "0-1"]
[WhiteElo "1510"]
[BlackElo "1569"]

1. e4 d5 2. exd5 Qxd5 3. d4 Bf5 4. Nf3 e6 5. Nc3 Bb4 6. Bd2 Nc6 7. Nxd5 Bxd2+ 8.
Qxd2 O-O-O 9. Ne3 g6 10. c3 Nf6 11. Ng5 Ne4 12. Nxe4 Bxe4 13. f3 Bd5 14. Bb5 Na5
15. c4 Nxc4 16. Nxc4 a6 17. Bxa6 bxa6 18. Na5 Rd6 0-1

[Event "AUTO-INT-1296"]
[Site "http://www.queenalice.com/game.php?id=583921"]
[Date "2009.5.6"]
[Round "1"]
[White "MrRonMosley"]
[Black "eldalai"]
[Result "1-0"]
[WhiteElo "1554"]
[BlackElo "1525"]

1. e4 e5 2. g4 Nf6 3. Qf3 d5 4. exd5 Nxg4 5. Bc4 f6 6. d3 c6 7. dxc6 Nxc6 8. h3
Nh6 9. Nc3 Bb4 10. Qh5+ Kf8 11. Bxh6 Qe7 12. O-O-O Be6 13. Bxe6 Qxe6 14. Kb1
Bxc3 15. bxc3 gxh6 16. Qxh6+ Ke7 17. Re1 Rag8 18. d4 Rg6 19. Qh5 Qd6 20. Re4 Na5
21. f4 1-0

[Event "AUTO-INT-1296"]
[Site "http://www.queenalice.com/game.php?id=583933"]
[Date "2009.5.6"]
[Round "1"]
[White "callmitnick"]
[Black "MrRonMosley"]
[Result "1-0"]
[WhiteElo "1533"]
[BlackElo "1572"]

1. d4 c5 2. Nf3 e6 3. Bf4 Nc6 4. Nc3 d5 5. e3 cxd4 6. Nxd4 Nxd4 7. Qxd4 b6 8.
Bb5+ Bd7 9. O-O Bc5 10. Qxg7 Bxb5 11. Nxb5 Ke7 12. Bg5+ Kd7 13. Bxd8 Rxd8 14.
Qxh8 Ne7 15. Qxh7 f5 16. Nxa7 Kd6 17. Rad1 Ke5 18. Qg7+ Kd6 19. Nb5+ Kc6 20. c4
Rd7 21. cxd5+ Nxd5 22. Nd4+ Bxd4 23. Qxd7+ Kxd7 24. Rxd4 b5 25. Rfd1 Kc6 26.
Rxd5 exd5 27. h4 Kc5 28. h5 1-0